00920nam a22002177a 4500003000900000008004100009040007100050082001800121100003200139245005900171260002600230300002800256505023300284650002400517650001600541650001100557700002700568700002600595700002900621710005200650AR-CdUCM190410b ||||| |||| 00| 0 spa d aMUNICIPALIDAD PROVINCIAL DEL CUSCOcBIBLIOTECA MUNICIPAL DEL CUSCO a377.29 /bB18 aBallón Echegaray, Eduardo aEducación básica laboral :bproceso a un proceso / aLima :bDesco,c1978. a142 páginas ;c17 cm. aContenido: Educación básica laboral: características y antecedentes -- La educación básica laboral: infraestructura -- El presupuesto y el financiamiento de la EBL: el entrampe económico y la población estudiantil. aEducación laboral aEducación aPerú aPozo del Pino, César aPeirano Falconi, Luis aValdez Herrera, Gilberto aCentro de estudios y promoción del desarrollo